| 000 | 00372nam a22001457a 4500 | ||
|---|---|---|---|
| 020 | _qHB. | ||
| 040 | _cFIZZA ISHAQ | ||
| 082 |
_a973 _bJOH |
||
| 100 |
_aGARRATY,A.JOHN. _9133777 |
||
| 245 |
_aAMERICAN HISTORY / _cJOHN A.GARRATY. |
||
| 250 | _aREVISED ED. | ||
| 260 |
_aNEW YORK ; _bHARCOURT BRACE JONANOVICH, _c1986. |
||
| 300 |
_a944 P. ; _c9.8X7.9IN |
||
| 942 |
_2ddc _cBK |
||
| 999 |
_c616620 _d616620 |
||